000
00323nam a22001337a 4500
003
SGT
020
_a
9788123027951
082
_a
301.2
_b
U18J
100
_a
JOSHI, SACHIDANAND
245
_a
UNTOLD STORY OF BROADCAST DURING QUIT INDIA MOVEMENT
260
_b
PUBLICATIONS DIVISION
_c
2018
300
_a
163
942
_2
ddc
_c
BK
999
_c
29607
_d
29607